[Event "Joao Pessoa Fischer Memorial 11th"]
[Site "Joao Pessoa"]
[Date "2022.05.07"]
[Round "3"]
[White "Dias, Joao Paulo Morais M"]
[Black "Freitas, Sophia Brasil"]
[Result "1-0"]
[WhiteElo "1755"]
[BlackElo "1435"]
[PlyCount "45"]
[EventDate "2022.05.06"]
[EventType "swiss"]
[EventRounds "6"]
[EventCountry "BRA"]
[SourceTitle "EXT 2023"]
[Source "ChessBase"]
[SourceDate "2022.10.05"]
[SourceVersion "1"]
[SourceVersionDate "2022.10.05"]
[SourceQuality "1"]

1. e4 c5 2. Nf3 d6 3. d4 cxd4 4. Nxd4 Nf6 5. Nc3 g6 6. Bg5 Bg7 7. f4 0-0 8. Qd2 Bd7 9. 0-0-0 Nc6 10. Bc4 Rc8 11. Bb3 Qb6 12. Nxc6 Bxc6 13. Qe2 Rfe8 14. e5 Nd5 15. Bxd5 Bxd5 16. Nxd5 Qd8 17. Nxe7+ Rxe7 18. Bxe7 Qxe7 19. Rxd6 f6 20. Re1 Re8 21. Kb1 fxe5 22. fxe5 Bxe5 23. Rd5 1-0

[Event "Joao Pessoa Fischer Memorial 11th"]
[Site "Joao Pessoa"]
[Date "2022.05.06"]
[Round "1"]
[White "Do Nascimento, Davi Alves"]
[Black "Freitas, Sophia Brasil"]
[Result "1-0"]
[WhiteElo "1867"]
[BlackElo "1435"]
[PlyCount "53"]
[EventDate "2022.05.06"]
[EventType "swiss"]
[EventRounds "6"]
[EventCountry "BRA"]
[SourceTitle "EXT 2023"]
[Source "ChessBase"]
[SourceDate "2022.10.05"]
[SourceVersion "1"]
[SourceVersionDate "2022.10.05"]
[SourceQuality "1"]

1. d4 Nf6 2. c4 g6 3. Nc3 d5 4. Bg5 dxc4 5. e3 Bg7 6. Bxc4 0-0 7. Nf3 Bf5 8. 0-0 c6 9. a4 Qa5 10. Re1 Nbd7 11. e4 Bg4 12. e5 Nd5 13. Bxd5 cxd5 14. Bxe7 Rfe8 15. b4 Qc7 16. Nb5 Qb6 17. Bc5 Nxc5 18. bxc5 Qc6 19. h3 Bxf3 20. Qxf3 a6 21. Nd6 Rf8 22. a5 f5 23. Rab1 Rab8 24. Rb6 Qc7 25. Qxd5+ Kh8 26. e6 Bh6 27. Reb1 1-0

[Event "Joao Pessoa Fischer Memorial 11th"]
[Site "Joao Pessoa"]
[Date "2022.05.06"]
[Round "2"]
[White "Freitas, Sophia Brasil"]
[Black "Canonico, Rodrigo"]
[Result "1-0"]
[WhiteElo "1435"]
[BlackElo "1683"]
[PlyCount "69"]
[EventDate "2022.05.06"]
[EventType "swiss"]
[EventRounds "6"]
[EventCountry "BRA"]
[SourceTitle "EXT 2023"]
[Source "ChessBase"]
[SourceDate "2022.10.05"]
[SourceVersion "1"]
[SourceVersionDate "2022.10.05"]
[SourceQuality "1"]

1. c4 f5 2. Nc3 Nf6 3. Nf3 g6 4. d3 Bg7 5. g3 0-0 6. Bg2 d6 7. 0-0 e5 8. Bd2 Nc6 9. a3 h6 10. e4 f4 11. b4 Bg4 12. Qa4 fxg3 13. fxg3 Qd7 14. Nd5 Nxd5 15. cxd5 Ne7 16. Qc2 Rf7 17. Rac1 c6 18. dxc6 Nxc6 19. Qc4 Rc8 20. Qb3 Kh7 21. Ng5+ hxg5 22. Qxf7 Qd8 23. b5 Qb6+ 24. Kh1 Rf8 25. Qc4 Nd4 26. Rxf8 Bxf8 27. Qc7+ Qxc7 28. Rxc7+ Kg8 29. Rxb7 Be2 30. Be3 Nc2 31. Bxa7 Nxa3 32. b6 Bxd3 33. Rd7 Bb5 34. Rc7 Nc4 35. b7 1-0